000 00876nam a2200253Ia 4500
003 GCL
008 140319s9999 xx 000 0 ara d
020 _a5818057750
040 _aGCL /
_cGCL
082 0 4 _a305.8951
_bت ق
100 1 _aتسان، وانغ
245 1 0 _aالقوميات فى الصين /
_cتسان، وانغ
700 1 _aرونغ، تشنغ يوه
700 1 _aفن، يانغ جيان
260 _aالصين :
_bدار النشر الصينية عبر القارات ،
_c2004
300 _a177 ص ؛
_c21 سم
490 _aسلسلة اساسيات الصين
_v0
650 0 4 _aالصين - الاحوال الاقتصادية
650 0 4 _aالصين - العادات والتقاليد
650 0 4 _aالصين - السكان
650 0 4 _aالاقليات - الصين
650 0 4 _aالقومية الصينية
942 _2ddc
_cBK
999 _c8923
_d8923